000 00934cam a22003013a 4500
001 20634
003 PGUSA
005 20140828083435.0
008 070220s2007||||xxu|||||s|||||000 | eng d
040 _aPGUSA
_beng
042 _adc
050 4 _aPB
100 1 _aWynne, Ellis,
_d1671-1734
245 1 4 _aThe Sleeping Bard; Or, Visions of the World, Death, and Hell
_h[electronic resource] /
_cEllis Wynne
260 _bProject Gutenberg,
_c2007
506 _aPublic domain in the USA.
516 _aElectronic text
653 _aWelsh literature -- Translations into English
653 _aReligious literature, Welsh
653 _aWelsh literature -- 18th century
653 _aAllegories
653 _aChristian life
700 1 _aBorrow, George,
_d1803-1881
740 0 _aGweledigaethau y bardd cwsg. English
830 0 _aProject Gutenberg
_v20634
856 4 0 _uhttp://www.gutenberg.org/ebooks/20634
942 _cEB
999 _c249889
_d249889